000 00285nam a22001337a 4500
008 181210b xxu||||| |||| 00| 0 eng d
020 _a0023762101
041 _aeng
080 _a510
100 _a38
101 _aMAT
245 _aNumerical Analysis
_cMaron.M.J
942 _2udc
_cBK
999 _c53121
_d53121